000 00435nam a2200157 a 4500
005 20140414132104.0
008 100726s19uu xx 00 eng d
050 _aER
_bSt787 2006
100 _aLucado, Max
245 _aStanley, the stink bug goes to camp.
260 _as.l :
_bThomas Nelson,
_c2006.
440 _aMax Lucado's Hermie & Friends
650 _aStinkbugs
_xFiction
650 _aFriendship
_xfiction
999 _c114529
_d114529